1835 1122 1429 1917 1481 1914 1094 1108 1368 1904 1158 1187 1620 1950 1754 1011 1020 1230 1050 1837 1603 1787 1157 1038 1390 1660 1368 1638 1680 1965 1911 1023 1110 1381 1400 1692 1968 1700 1374 1650 1681 1312 1156 1036 1537 1270 1977 1378 1546 1247 1978 1949 1418 1069 1386 1556 1029 1115 1818 1022 1152 1802 1586 1216 1940 1078 1402 1862 1674 1612 1651 1127 1036 1866 1395 1208 1181 1676 1189 1900 1355 1046 1003 1578 1840 1738 1357 1170 1107 1247 1926 1049 1465 1874 1618 1785 1751 1731 1740 BCNSPRNW ULIB Ver.6.0+V

เปลี่ยนเป็นภาษาไทย

Change to English
 แสดงรายละเอียดบรรณานุกรม
  กลับหน้าหลัก

Brief Record : Get Marc (ISO 2709) : E-mail record : QR code < ปิดหน้าต่าง
LEADER : 00000nam 2200000uu 4500
001    13399124635
003     ULIB
008    151104s2558||||th 000 0 tha d
020    ^a9786163820723
050  4 ^aDS578.32.A46^bน537
245 00 ^aน้ำหยดเดียว คุณหญิงอัมพร มีศุข 2461-2557 /^cบรรณาธิการ ครอบครัวมีศุข และผู้ร่วมปฏิบัติงาน
250    ^aพิมพ์ครั้งที่ 1
260    ^aกรุงเทพฯ :^bภาพพิมพ์,^c2558
300    ^a388 หน้า :^bภาพประกอบสี ;^c26 ซม.+^eซีดี 1 แผ่น
505 2  ^a1. พรหมของลูก -- 2 รากฐานการศึกษา -- 3. เก้าปีในสหรัฐอเมริกา -- 4. ชีวิตข้าราชการ -- 5. สิหกปีที่เผยแพร่การศึกษา -- 6. ผู้บุกเบิกทางเดินของผู้หญิง -- 7. งานเพื่อความก้าวหน้าของผู้หญิง -- 8. เรียนรู้ร่วมกัน สร้างสรรค์สังคม -- 9. ถนนสายนิติบัญญัติและการเมือง -- 10. งานเพื่อสิทธิของคนทุกคน -- 11. สิ่งที่มัม ยาย ย่า ฝากไว้ -- 12. ชีวิตที่ตอบแทนคุณแผ่นดิน
600 04 ^aอัมพร มีศุข,^cคุณหญิง,^d2461-2557
650  0 ^aEducation^xCollected works
650  4 ^aการศึกษา^vรวมเรื่อง
650  4 ^aการสงเคราะห์^vรวมเรื่อง
650  4 ^aหนังสืออนุสรณ์งานศพ
700 0  ^aครอบครัวมีศุข และผู้ร่วมปฏิบัติงาน,^eบรรณาธิการ
945    ^p0^l0^i000175
999    ^aวรรณษา ชูชัยมงคล
รายการนี้ยังไม่มีแท็ก
คุณยังไม่ได้ล็อกอิน คุณสามารถมีกิจกรรมร่วมกับเว็บไซต์ได้ แต่ต้องล็อกอินก่อน ::
  ล็อกอิน

รายการสื่อสารสนเทศ

ลำดับที่ ประเภท เลขเรียก/บาร์โค้ด สถานที่ สถานะ
1. การศึกษาทั่วไป
การศึกษาทั่วไป
DS578.32.A46 น537 ฉ.1 
  Barcode: 000175
ห้องสมุดวิทยาเขตสวรรค์ประชารักษ์
►หนังสือทั่วไป
บนชั้น

รายการใกล้เคียง
    หัวเรื่อง [หนังสืออนุสรณ์งานศพ]

BibComment


ยังไม่เคยถูกคอมเมนท์

คอมเมนท์ทรัพยากรรายการนี้
  คอมเมนท์: น้ำหยดเดียว คุณห..


 Copyright 2026. Bcnsprnw @Library